Sports Quiz

Random Sports or Africa Quiz

Beaten South Africa at Rugby Union Quiz Stats

Quiz not verified by Sporcle

Challenge
Share
Tweet
Embed
Score 0/10 Timer 03:00
0 Plays Today
% Correct
Australia
96.1%
England
95.7%
New Zealand
93.1%
France
90.2%
Ireland
88.1%
Wales
84.2%
Scotland
82.4%
Argentina
78.3%
Japan
63.5%
Italy
61.8%

You're not logged in!

Compare scores with friends on all Sporcle quizzes.
Sign Up with Email
OR
Log In

You Might Also Like...

Show Comments

Extras

Top Quizzes Today


Score Distribution

Your Account Isn't Verified!

In order to create a playlist on Sporcle, you need to verify the email address you used during registration. Go to your Sporcle Settings to finish the process.